000 00322 a2200133 4500
001 86534
082 _a398.2 LOK
090 _c40709
_d40709
100 _aNustrat Fateh Ali
245 _aHeritage & Folklore GM-23 (Only DVD)
250 _aV-III
260 _aIslamabad
_bLok Virsa Islamabad
_c2012
500 _aLok Virsa
942 _aCAENUST
_k398.2 LOK
999 _c321607
_d321607